| 000 | 01489cam a2200349 a 4500 | ||
|---|---|---|---|
| 001 | 14612159 | ||
| 005 | 20201128013549.0 | ||
| 008 | 061026s2008 maua b 001 0 eng | ||
| 010 | _a 2006035903 | ||
| 020 | _a9780071259378 (hc : alk. paper) | ||
| 020 | _a0071259376 (hc : alk. paper) | ||
| 020 | _a0073309508 (set) | ||
| 035 | _a(OCoLC)ocm74915844 | ||
| 035 | _a(OCoLC)74915844 | ||
| 040 |
_aDLC _cDLC _dYDX _dBTCTA _dBAKER _dYDXCP _dDLC |
||
| 050 | 0 | 0 |
_aTK5102.9 _b.R628 2008 |
| 082 | 0 | 0 |
_a621.3822 _222 _bROB |
| 100 | 1 |
_aRoberts, Michael J., _cDr. _92660 |
|
| 245 | 1 | 0 |
_aFundamentals of signals and systems / _cMichael J. Roberts. |
| 246 | 1 | 4 | _aFundamentals of signals & systems |
| 250 | _aMcGraw-Hill international ed. | ||
| 260 |
_aBoston : _bMcGraw-Hill Higher Education, _cc2008. |
||
| 300 |
_axix, 759 p. : _bill. ; _c29 cm. |
||
| 504 | _aIncludes bibliographical references (p. 745-746) and index. | ||
| 650 | 0 |
_aSignal processing _vTextbooks. _92661 |
|
| 650 | 0 |
_aSystem analysis _vTextbooks. _92662 |
|
| 655 |
_95405 _aSignals and Systems- Year 1 _vreading book _xEngineering _ySemester 2. 2008/2009 |
||
| 856 | 4 | 1 |
_3Table of contents only _uhttp://www.loc.gov/catdir/toc/ecip073/2006035903.html |
| 856 | 4 | 2 |
_3Publisher description _uhttp://www.loc.gov/catdir/enhancements/fy0804/2006035903-d.html |
| 942 |
_2ddc _cBB |
||
| 999 |
_c11094 _d11094 |
||